| 000 | 00383 a2200133 4500 | ||
|---|---|---|---|
| 001 | 91516 | ||
| 082 | _aPR 1472 | ||
| 090 |
_c43650 _d43649 |
||
| 100 | _aMuddassir Khalid, Prof Fida M Khan, Advisor | ||
| 245 |
_aTo Develop a PC Based Lab Experiment for Electromechanical Systems _n58 "B" EC |
||
| 260 |
_aRawalpindi _bNUST _c2003 |
||
| 300 | _avi, 25p | ||
| 500 | _aBE Project Reports | ||
| 942 |
_aCAE NUST _kPR 1472 |
||
| 999 |
_c326589 _d326589 |
||